|
|
|
|
| LEADER |
00000caa a22000002c 4500 |
| 001 |
1637030924 |
| 003 |
DE-627 |
| 005 |
20220608114130.0 |
| 007 |
tu |
| 008 |
151023s2000 xx ||||| 00| ||ger c |
| 035 |
|
|
|a (DE-627)1637030924
|
| 035 |
|
|
|a (DE-576)447781162
|
| 035 |
|
|
|a (DE-599)BSZ447781162
|
| 040 |
|
|
|a DE-627
|b ger
|c DE-627
|e rakwb
|
| 041 |
|
|
|a ger
|
| 100 |
1 |
|
|a Blickenstorfer, Jürg
|0 (DE-588)111924308
|0 (DE-627)557946565
|0 (DE-576)164318372
|4 aut
|
| 109 |
|
|
|a Blickenstorfer, Jürg
|
| 245 |
1 |
0 |
|a Allgemeine Pädagogik am Ausgang einer Epoche
|b Gedanken aus der Provinz zur Debatte um die Bedeutung einer Allgemeinen Pädagogik an der Schwelle zum dritten Jahrtausend
|c Jürg Blickenstorfer
|
| 264 |
|
1 |
|a Bern
|c 2000
|
| 336 |
|
|
|a Text
|b txt
|2 rdacontent
|
| 337 |
|
|
|a ohne Hilfsmittel zu benutzen
|b n
|2 rdamedia
|
| 338 |
|
|
|a Band
|b nc
|2 rdacarrier
|
| 500 |
|
|
|a Literaturangaben, Abbildungen 1
|
| 773 |
0 |
8 |
|i In
|t Pädagogische Rundschau
|d Berlin : Peter Lang, Internationaler Verlag der Wissenschaften, 1947
|g (2000), 4, Seite 447-454
|w (DE-627)129489603
|w (DE-600)205916-2
|w (DE-576)014883260
|x 0030-9273
|7 nnas
|
| 773 |
1 |
8 |
|g year:2000
|g number:4
|g pages:447-454
|
| 935 |
|
|
|a mkri
|
| 951 |
|
|
|a AR
|
| ELC |
|
|
|b 1
|
| LOK |
|
|
|0 000 xxxxxcx a22 zn 4500
|
| LOK |
|
|
|0 001 329498622X
|
| LOK |
|
|
|0 003 DE-627
|
| LOK |
|
|
|0 004 1637030924
|
| LOK |
|
|
|0 005 20160223100137
|
| LOK |
|
|
|0 008 160208||||||||||||||||ger|||||||
|
| LOK |
|
|
|0 040
|a DE-21-110
|c DE-627
|d DE-21-110
|
| LOK |
|
|
|0 689
|a s
|a Pädagogik
|
| LOK |
|
|
|0 852
|z Kein Bestand am IfK; Nachweis für KrimDok
|
| LOK |
|
|
|0 852
|a DE-21-110
|
| LOK |
|
|
|0 852 1
|m v
|9 00
|
| LOK |
|
|
|0 935
|a k110
|
| LOK |
|
|
|0 938
|k v
|
| LOK |
|
|
|0 939
|a 08-02-16
|b l01
|
| ORI |
|
|
|a SA-MARC-krimdoka001.raw
|